Madness and civilization; a history of insanity in the age of reason.

Bibliographic Details
Main Author: Foucault, Michel, 1926-1984
Format: Book
Language:English
French
Published: New York ; London : Routledge, 2002 [reprinted].
Subjects:
Classic Catalogue: View this record in Classic Catalogue
LEADER 01761nam a2200373 4500
001 45417
003 BD-DhAAL
005 20260406124651.0
008 260401r20021989nyu b 000 0 eng
010 |a  72010582  
020 |a 0415255392 (hbk) 
020 |a 0415253853 (pbk) 
035 |a 4551370 
040 |a DLC  |c DLC  |d DLC  |d BD-DhAAL 
041 1 |a eng  |h fre 
050 1 0 |a RC438  |b .F613 1973 
082 0 0 |a 157.209033 
100 1 |a Foucault, Michel,  |d 1926-1984. 
240 1 0 |a Histoire de la folie.  |l English 
245 1 0 |a Madness and civilization;  |b a history of insanity in the age of reason.  |c Michel Foucault ; translated from the French by Richard Howard ; with an introduction by David Cooper. 
260 |a New York ;  |a London :  |b Routledge,  |c 2002 [reprinted]. 
300 |a xiii, 282 pages  |c 19 cm 
500 |a Translation of Folie et déraison; histoire de la folie. 
500 |a Originally published in Great Britain: Tavistock Publications, 1967 
504 |a Includes bibliographical references. 
541 1 |a Donated by Farhana Zahir, Assistant Professor, BRAC Business School, BRAC University   |e 45417 
546 |a Translation of: Histoire de la folie. 
650 0 |a Mental illness. 
650 0 |a Mental illness  |x History.  |9 60409 
650 0 |a Psychiatry  |x History.  |9 60418 
852 1 |a Ayesha Abed Library  |c General Stacks 
942 |2 ddc  |c BK 
999 |c 47762  |d 47762 
952 |0 0  |1 0  |2 ddc  |4 0  |6 157_209033000000000_FOU  |7 0  |9 78879  |a BRACUL  |b BRACUL  |c NEW  |d 2026-04-01  |e Donated by Farhana Zahir, Assistant Professor, BRAC Business School, BRAC University  |l 0  |o 157.209033 FOU  |p 3010045417  |r 2026-04-01  |t 1  |w 2026-04-01  |y BK  |x Donated copy received from Farhana Zahir, Assistant Professor, BRAC Business School, BRAC University on 17 February 2026; £ 7.99